000 00571nam a22001937a 4500
999 _c7995
_d7995
003 BD-JhCC
005 20180627083602.0
008 180217b1990 bg ||||| |||| 00| 0 ben d
035 _a(BD-JhCC)
040 _aBD-JhCC
_dBD-JhCC
041 _aben
082 _a302
_bTAG 1990
100 _aঠাকুর, আবদুল হান্নান
245 _aসমাজ সভ্যতা মানুষ /
_c আবদুল হান্নান ঠাকুর
300 _a70 p. :
_c20 cm.
650 _aSocial Interaction
942 _2ddc
_cBK